• 首页
  • 本馆介绍
  • 公告通知
  • 最新文献
  • 馆藏检索
  • 电子资源
  • 读者导购
  • 参考咨询
  • 我的图书馆
  • 登录
  • 详细信息显示
  • 放入我的书架
  • 预约/预借图书
  • 作者相关作品
  • 分类相关作品
  • 丛书相关作品
  • 出版社相关作品

书目信息

  • 表格格式
  • 工作单格式
  • 卡片格式
题名:
中华人民共和国行政区划图册
    
 
作者: 中国地图出版社编辑 出版 ;地图出版社 编辑
分册:  
出版信息: 北京   中国地图出版社  1987
页数: 124页
开本: 19cm
丛书名:
单 册:
中图分类: K992.2
科图分类:
主题词: 行政区地图--中国--图册
电子资源:
ISBN: 7-5031-0002-8
000 00940nam0 2200265 45
001 0186004624
005 20040513165839.7
010    @a7-5031-0002-8@dCNY0.85
100    @a19951114d1987 em y0chiy0121 ea
101 0  @achi
102    @aCN@b110000
105    @ay z 000yy
106    @ar
200 10 @a中华人民共和国行政区划图册@e截至一九八六年底的资料@EJie Zhi Yi Jiu Ba Liu Nian Di De Zi Liao@Azhong hua ren min gong he guo xing zheng qu hua tuce@f中国地图出版社编辑出版@FZhong Guo Di Tu Chu Ban She Bian Ji Chu Ban
205    @a2版
210    @a北京@c中国地图出版社@d1987
215    @a124页@d19cm
517    @a截至一九八六年底的资料@AJie Zhi Yi Jiu Ba Liu Nian Di De Zi Liao
606    @a行政区地图@y中国@x图册
690    @aK992.2@v3
701  0 @a中国地图出版社编辑@4出版
711 02 @a地图出版社@4编辑@Ade tu chu ban she
801  0 @aCN@b深圳图书馆@c20040513
801  2 @aCN@bNLC@c20040513
905    @f1@b210683@dK992.2@e19
    
    中华人民共和国行政区划图册:截至一九八六年底的资料/中国地图出版社编辑出版.-2版.-北京:中国地图出版社,1987
    124页;19cm
    
    
    ISBN 7-5031-0002-8:CNY0.85
    
●
相关链接 在E读中查询图书 在五车中查询图书 在当当中查询图书 在豆瓣中查询图书


正题名:中华人民共和国行政区划图册     索取号:K992.2/19         预约/预借

序号 登录号 条形码 馆藏地/架位号 状态 备注
1 0210683   000082822   密集书库/ [索取号:K992.2/19] 在馆    
2 0210684   000082813   第二样本阅览室/ [索取号:K992.2/19] 在馆    
唐山师范学院图书馆 欢迎您!
大连网信软件有限公司© 版权所有